<?xml version="1.0" encoding="UTF-8"?>
<record
    xmlns:xsi="http://www.w3.org/2001/XMLSchema-instance"
    xsi:schemaLocation="http://www.loc.gov/MARC21/slim http://www.loc.gov/standards/marcxml/schema/MARC21slim.xsd"
    xmlns="http://www.loc.gov/MARC21/slim">

  <leader>00798na  a2200241   4500</leader>
  <controlfield tag="001">18686</controlfield>
  <controlfield tag="003">MIRAKIL</controlfield>
  <controlfield tag="005">20181213155106.0</controlfield>
  <controlfield tag="008">161124b        tu            000 0      </controlfield>
  <datafield tag="035" ind1=" " ind2=" ">
    <subfield code="a">18686</subfield>
  </datafield>
  <datafield tag="040" ind1=" " ind2=" ">
    <subfield code="a">Milas</subfield>
    <subfield code="b">tur</subfield>
    <subfield code="c">TR-AnCHP</subfield>
  </datafield>
  <datafield tag="041" ind1=" " ind2=" ">
    <subfield code="a">tur</subfield>
  </datafield>
  <datafield tag="082" ind1=" " ind2=" ">
    <subfield code="a">352.9561</subfield>
    <subfield code="b">Y36 [2000]</subfield>
  </datafield>
  <datafield tag="090" ind1=" " ind2=" ">
    <subfield code="a">352.9561 Y36 2000</subfield>
  </datafield>
  <datafield tag="111" ind1=" " ind2=" ">
    <subfield code="a">Yerel Y&#xF6;netimler Reformu ve B&#xFC;y&#xFC;k&#x15F;ehirlerimiz</subfield>
    <subfield code="c">Antalya</subfield>
    <subfield code="d">[2000]</subfield>
  </datafield>
  <datafield tag="245" ind1=" " ind2=" ">
    <subfield code="a">Yerel y&#xF6;netimler reformu ve b&#xFC;y&#xFC;k&#x15F;ehirlerimiz</subfield>
    <subfield code="b">Antalya bulu&#x15F;mas&#x131;</subfield>
    <subfield code="c">Antalya B&#xFC;y&#xFC;k&#x15F;ehir Belediyesi</subfield>
  </datafield>
  <datafield tag="246" ind1=" " ind2=" ">
    <subfield code="a">Antalya bulu&#x15F;mas&#x131;</subfield>
  </datafield>
  <datafield tag="260" ind1=" " ind2=" ">
    <subfield code="a">Antalya</subfield>
    <subfield code="b">Antalya B&#xFC;y&#xFC;k&#x15F;ehir Belediyesi</subfield>
    <subfield code="c">2000</subfield>
  </datafield>
  <datafield tag="300" ind1=" " ind2=" ">
    <subfield code="a">224 s.</subfield>
    <subfield code="c">23 sm.</subfield>
  </datafield>
  <datafield tag="650" ind1=" " ind2=" ">
    <subfield code="a">Yerel y&#xF6;netimler</subfield>
    <subfield code="x">Toplant&#x131;lar</subfield>
    <subfield code="z">T&#xFC;rkiye</subfield>
  </datafield>
  <datafield tag="650" ind1=" " ind2=" ">
    <subfield code="a">B&#xFC;y&#xFC;k&#x15F;ehirler</subfield>
    <subfield code="x">Toplant&#x131;lar</subfield>
    <subfield code="z">T&#xFC;rkiye</subfield>
  </datafield>
  <datafield tag="942" ind1=" " ind2=" ">
    <subfield code="2">ddc</subfield>
    <subfield code="c">BKS</subfield>
  </datafield>
  <datafield tag="952" ind1=" " ind2=" ">
    <subfield code="a">0001</subfield>
    <subfield code="b">0001</subfield>
    <subfield code="d">2016-11-24</subfield>
    <subfield code="e">2</subfield>
    <subfield code="l">0</subfield>
    <subfield code="o">352.9561 Y36 2000</subfield>
    <subfield code="p">009685</subfield>
    <subfield code="r">2016-11-24 00:00:00</subfield>
    <subfield code="v">0.00</subfield>
    <subfield code="w">2016-11-24</subfield>
    <subfield code="y">BKS</subfield>
  </datafield>
  <datafield tag="999" ind1=" " ind2=" ">
    <subfield code="c">6393</subfield>
    <subfield code="d">6393</subfield>
  </datafield>
</record>
